| 000 | 00848nam a2200241 a 4500 | ||
|---|---|---|---|
| 005 | 20230527063545.0 | ||
| 008 | 070906s2003 mx r 000 0 spa d | ||
| 020 | _a8483183005 | ||
| 035 | _aUPN01000151717 | ||
| 049 | _aCG | ||
| 050 | 4 |
_aBF724 _bA3.5 |
|
| 245 | 0 | 4 |
_aLos adolescentes en el siglo XXI : _bun enfoque psicosocial / _cAntonio Corral Iñigo ... [et al.] ; coord. Adolfo Perinat Maceres. |
| 260 |
_aBarcelona, Esp. : _bUOC, _c2003. |
||
| 300 | _a270 p. | ||
| 440 | 0 |
_aManuales. _pPsicopedagogía ; _v7 |
|
| 590 | _aBibliografía Básica (BGTQ) | ||
| 590 | _a(También localizas un ejemplar en el "Area de Reserva") | ||
| 650 | 4 |
_aPsicología del adolescente _91013 |
|
| 650 | 0 |
_aAdolescentes _xConducta de vida _91767 |
|
| 700 | 1 |
_aPerinat Maceres, Adolfo, _ecoord. |
|
| 700 | 1 |
_aCorral Iñigo, Antonio, _ecoaut. |
|
| 905 | _aLibro | ||
| 999 |
_c123853 _d123853 |
||